000 00476nam a2200181Ia 4500
005 20250107025830.0
008 240331s9999 xx 000 0 und d
020 _a0195635302
082 _bSUB
_a950
245 0 _aSubaltern studies IV :
_bwritings on South Asian history and society
260 _aNew Delhi
_bOxford University Press
_c1985
300 _aX, 383 p .,
650 _aHistory
650 _aColonial
650 _aSocial
700 _aGuha,R.
_eedt
942 _cL
999 _c3500
_d3500